Oklahoma Head Football Coaches by Picture - Statistics

General Stats
  • This quiz has been taken 16 times
  • The average score is 6 of 20
Answer Stats
Picture Hint Answer % Correct
1973-1988 Barry Switzer
94%
2017-2021 Lincoln Riley
94%
2022-Present Brent Venables
81%
1999-2016 | 2021 Bob Stoops
75%
1947-1963 Bud Wilkinson
56%
1967-1972 Chuck Fairbanks
44%
1995 Howard Schnellenberger
44%
1905-1926 Bennie Owen
38%
1989-1994 Gary Gibbs
31%
1996-1998 John Blake
25%
1935-1936 Biff Jones
19%
1964-1965 Gomer Jones
19%
1966 Jim Mackenzie
6%
1946 Jim Tatum
6%
1927-1931 Adrian Lindsey
0%
1941-1945 Dewey Luster
0%
1895 John A. Harts
0%
1932-1934 Lewie Hardage
0%
1937-1940 Thomas E. Stidham
0%
1897-1900 Vernon Louis Parrington
0%
No matching quizzes found
Score Distribution
Percent of People with Each Score
Percentile by Number Answered
Your Score History
You have not taken this quiz